[Event "Niederbayernliga 1011"]
[Site "Germany"]
[Date "2011.04.10"]
[Round "9.6"]
[White "Schmidt, Siegfried"]
[Black "Senff, Rudolf"]
[Result "0-1"]
[WhiteElo "1601"]
[BlackElo "1718"]
[PlyCount "64"]
[EventDate "2010.10.10"]
[EventType "team-tourn"]
[EventRounds "9"]
[EventCountry "GER"]
[SourceTitle "EXT 2012"]
[Source "ChessBase"]
[SourceDate "2011.11.24"]
[SourceVersion "1"]
[SourceVersionDate "2011.11.24"]
[SourceQuality "1"]
[WhiteTeam "Aham"]
[BlackTeam "Adlkofen"]
[WhiteTeamCountry "GER"]
[BlackTeamCountry "GER"]

1. d4 Nf6 2. c4 g6 3. Nc3 Bg7 4. e4 d6 5. h3 0-0 6. Nf3 Nfd7 7. Bf4 c5 8. d5 Bxc3+ 9. bxc3 f6 10. g4 g5 11. Be3 Rf7 12. Qd2 h6 13. Be2 Nf8 14. 0-0-0 Ng6 15. h4 Qf8 16. Rdg1 Nd7 17. hxg5 fxg5 18. Bxg5 hxg5 19. Nxg5 Rxf2 20. Ne6 Qf6 21. Rh6 Nde5 22. g5 Qf7 23. Nd8 Qf8 24. Qe1 Qf4+ 25. Qd2 Qxd2+ 26. Kxd2 Bd7 27. Ne6 Bxe6 28. dxe6 Kg7 29. Rgh1 Rh8 30. Ke3 Rg2 31. Rxh8 Nxh8 32. Rh5 Nhg6 0-1

[Event "Bad Griesbach Seniors op 4th"]
[Site "Bad Griesbach"]
[Date "2002.01.10"]
[Round "5"]
[White "Schmidt, Siegfried"]
[Black "Marzluf, Dieter"]
[Result "0-1"]
[WhiteElo "1716"]
[BlackElo "1829"]
[PlyCount "77"]
[EventDate "2002.01.06"]
[EventType "swiss"]
[EventRounds "7"]
[EventCountry "GER"]
[SourceTitle "EXT 2006"]
[Source "ChessBase"]
[SourceDate "2005.11.24"]
[SourceVersion "1"]
[SourceVersionDate "2005.11.24"]
[SourceQuality "1"]

1. d4 e6 2. c4 c5 3. d5 exd5 4. cxd5 d6 5. Nc3 g6 6. e4 Bg7 7. Bd3 Ne7 8. Bg5 a6 9. a4 Nd7 10. f4 0-0 11. Nf3 Re8 12. 0-0 Qb6 13. a5 Qxb2 14. Na4 Qxa1 15. Qxa1 Bxa1 16. Rxa1 Kg7 17. Rb1 f6 18. Bh4 Rb8 19. Be1 Ng8 20. Bc3 Kf7 21. Nd2 Rd8 22. Nc4 Ke7 23. Ncb6 Nxb6 24. Rxb6 Bd7 25. Nb2 Be8 26. Bc4 Nh6 27. e5 fxe5 28. fxe5 Nf7 29. Nd3 dxe5 30. Re6+ Kf8 31. Bxe5 Rbc8 32. Rf6 Kg7 33. Bc3 Kg8 34. d6 Rc6 35. Be5 Rd7 36. Bd5 c4 37. Bxc6 cxd3 38. Bxd7 d2 39. Bxe8 0-1

[Event "Bad Griesbach Seniors op 4th"]
[Site "Bad Griesbach"]
[Date "2002.01.09"]
[Round "4"]
[White "Schmidt, Siegfried"]
[Black "Waechter, Wolfgang"]
[Result "1/2-1/2"]
[WhiteElo "1716"]
[BlackElo "1824"]
[PlyCount "111"]
[EventDate "2002.01.06"]
[EventType "swiss"]
[EventRounds "7"]
[EventCountry "GER"]
[SourceTitle "EXT 2006"]
[Source "ChessBase"]
[SourceDate "2005.11.24"]
[SourceVersion "1"]
[SourceVersionDate "2005.11.24"]
[SourceQuality "1"]

1. d4 d5 2. c4 dxc4 3. Nf3 e6 4. e3 c5 5. Bxc4 Nf6 6. Nc3 a6 7. a4 Nc6 8. 0-0 Be7 9. dxc5 Qxd1 10. Rxd1 Bxc5 11. Bd3 e5 12. Ne4 Be7 13. Bd2 Bg4 14. Nxf6+ Bxf6 15. Be4 0-0 16. Bxc6 bxc6 17. h3 Be6 18. Bc3 e4 19. Nd4 Bd5 20. Nf5 Bxc3 21. bxc3 Rfe8 22. Rab1 g6 23. Ng3 f5 24. Rd4 Kf7 25. c4 Be6 26. c5 Bd5 27. Ne2 a5 28. Nc3 Re5 29. Rb6 Ra7 30. g3 Ke7 31. Nxd5+ cxd5 32. Rd2 Rc7 33. Rb5 Ra7 34. Rdb2 Kd7 35. Rb7+ Rxb7 36. Rxb7+ Kc6 37. Rb5 d4 38. exd4 Rd5 39. Rxa5 Rxd4 40. Ra7 Kxc5 41. Kf1 h5 42. h4 Rd6 43. Ke2 Kb4 44. Rb7+ Kxa4 45. Rb2 Ka3 46. Rb1 Ka2 47. Rb7 Ka3 48. f3 Rd3 49. fxe4 fxe4 50. Re7 Rxg3 51. Rxe4 Kb2 52. Kf2 Rc3 53. Kg2 Kc2 54. Re6 Rc4 55. Rxg6 Rxh4 56. Rd6 1/2-1/2